Simboli Tavola Periodica - Morte improvvisa - Statistics

Statistiche generali
  • Questo quiz è stato fatto 435 volte
  • Il punteggio medio è 7 su 36
Answers on the Grid
Answers color-coded by a green-red scale on the quiz's grid according to % correct below.
Ag
Ad
Ar
A
Au
Bc
Be
Bj
Bk
Cb
Cf
Ci
Co
Cq
Cu
D
Dy
Ed
Eu
Fa
Fm
Gc
Gd
Ha
He
Hi
Ho
Ia
In
Ke
Kr
Le
Lr
Lo
Mo
Nc
Na
Ns
Ne
Ps
Np
Op
P
Pa
Po
Pl
Pu
R
Re
Rt
Rh
Rz
Sc
Sd
Si
So
Sr
T
Tc
To
Ti
Tp
U
Ua
Og
Va
V
Xr
Y
Yo
Zr
Zz
 
Statistiche sulle risposte
Risposta % Corretto
Au
37%
Ag
34%
Cu
34%
He
33%
Na
32%
Si
32%
Ar
29%
P
27%
Be
26%
Co
25%
Ne
24%
U
22%
Kr
21%
Y
21%
Zr
21%
Ti
19%
Sc
18%
V
18%
Sr
17%
Mo
16%
Rh
16%
Eu
15%
Tc
14%
Po
12%
Fm
11%
In
11%
Lr
11%
Bk
10%
Gd
9%
Cf
8%
Dy
8%
Og
8%
Np
6%
Pu
5%
Re
5%
Ho
3%
Nessun quiz corrispondente trovato
Distribuzione punteggi
Percentuale di utenti per punteggio
Percentile per numero di risposta
I tuoi punteggi nel tempo
Non hai fatto questo quiz